niziny leganckie tegesszmeges - Statystyki

Ogólne statystyki
  • Ten quiz został rozwiązany 148 razy
  • Średni wynik to 24 z 31
Statystyki odpowiedzi
Obrazkowy Odpowiedź % Poprawnych
darling
97%
murray
93%
amazońska
83%
la plata
83%
mozambicka
83%
polska
83%
senegalska
83%
zatokowa
83%
atlantycka
79%
francuska
79%
zachodnio syberyjska
79%
angielska
76%
chińska
76%
hudsońska
76%
indusu
76%
orinoko
76%
pampa
76%
turańska
76%
wschodnio europejska
76%
akan
72%
gangesu
72%
mezopotamska
72%
nadkaspijska
72%
nullarbor
72%
środkowo irlandzka
72%
węgierska
72%
czarnomorska
69%
padańska
69%
mandżurska
66%
wołoska
66%
naddnieprzańska
62%
Nie znaleziono quizów pasujących do podanych kryteriów
Rozkład punktacji
Procent ludzi z każdym wynikiem
Percentyl według liczby udzielonych odpowiedzi
Twoja historia wyników
Nie rozwiązałeś tego quizu